Films en images - N - Statistiques

Statistiques générales
  • Ce quiz a été pris 322 fois
  • Le résultat moyen est 6 sur 15
Statistiques - réponses
Par images Réponse % Correct
La Nonne
86%
La Nuit au musée
80%
Nanny McPhee
72%
Neuilly sa mère !
69%
Nos Jours Heureux
60%
Nos étoiles contraires
51%
Nicky Larson et le Parfum de Cupidon
49%
Novembre
40%
Nikita
35%
Nos pires voisins
31%
N'oublie jamais
29%
Nerve
13%
Nous York
10%
Nos 18 ans
3%
Nouveau Départ
1%
Aucun quiz correspondant
Distribution des résultats
% des personnes avec chaque résultat
Percentile par nombre de réponses
Votre historique - résultats
Vous n’avez pas pris ce quiz